Normal view MARC view

Entry Personal Name

Number of records used in: 1

001 - CONTROL NUMBER

  • control field: 9167

003 - CONTROL NUMBER IDENTIFIER

  • control field: DLC

005 - DATE AND TIME OF LATEST TRANSACTION

  • control field: 20221007092614.0

008 - FIXED-LENGTH DATA ELEMENTS

  • fixed length control field: 850919n| acannaabn |n aad

010 ## - LIBRARY OF CONGRESS CONTROL NUMBER

  • LC control number: n 85816348

035 ## - SYSTEM CONTROL NUMBER

  • System control number: (OCoLC)oca01389947

040 ## - CATALOGING SOURCE

  • Original cataloging agency: DLC
  • Language of cataloging: eng
  • Transcribing agency: DLC
  • Modifying agency: OCoLC

100 1# - HEADING--PERSONAL NAME

  • Personal name: Yoshida, Shouichi

670 ## - SOURCE DATA FOUND

  • Source citation: nuc85-57537: Author's Tropical climate and its influence ... 1978
  • Information found: (hdg. on KMK rept.: Yoshida, Shouichi; usage: Shouichi Yoshida)

Powered by Koha